Carbon black filled rubbers.Molecular motions in the rubbery matrix and structural organization of the filler (Record no. 55107)

MARC details
000 -LEADER
fixed length control field 00490nam a2200169Ia 4500
100 ## - MAIN ENTRY--AUTHOR NAME
Personal name De Candia F
245 #0 - TITLE STATEMENT
Title Carbon black filled rubbers.Molecular motions in the rubbery matrix and structural organization of the filler
260 ## - PUBLICATION, DISTRIBUTION, ETC. (IMPRINT)
Name of publisher Kautschuk Gummi Kunststoffe
Year of publication 1996
300 ## - PHYSICAL DESCRIPTION
Number of Pages 99-101
700 ## - ADDED ENTRY--PERSONAL NAME
Personal name Carotenuto M
700 ## - ADDED ENTRY--PERSONAL NAME
Personal name Gargani L
700 ## - ADDED ENTRY--PERSONAL NAME
Personal name Guadagno L
700 ## - ADDED ENTRY--PERSONAL NAME
Personal name Lauretti E
700 ## - ADDED ENTRY--PERSONAL NAME
Personal name Renzulli A
942 ## - ADDED ENTRY ELEMENTS (KOHA)
Koha item type Journals
Holdings
Withdrawn status Lost status Damaged status Not for loan Home library Current library Shelving location Date acquired Serial Enumeration / chronology Koha item type
      Journals RRII Library RRII Library Rubber chemistry 17/12/2021 Volume 49, Issue 2 Journals